000 00786nam a2200229 a 4500
001 71574
003 BD-RjUL
005 20211209082130.0
008 170506s1976 bg ||||| |||| 00| 0 ben d
020 _c: TK.5.00
035 _a(BD-RjUL)71790
040 _aBD-RjUL
_bben
_cBD-RjUL
_dBD-RjUL
041 _aben
082 _223
_a133.5
_bBEJ 1976
100 _aবেগম, রেজিনা
_9211793
245 _aজিন ডিকসন এবং তাঁর ভবিষ্যদ্বাণী /
_cরেজিনা বেগম
260 _aঢাকা :
_bনওরোজ কিতাবিস্তান,
_c১৯৭৬.
300 _a৩৫ পৃ. ;
_c২৪ সেমি.
650 _aজ্যোতিষ
_9211794
650 _aAstrology
_9166329
942 _2ddc
_cBK
999 _c71574
_d71574